| 000 | 00517nam a22001697a 4500 | ||
|---|---|---|---|
| 999 |
_c9011 _d9011 |
||
| 008 | 210319b ||||| |||| 00| 0 eng d | ||
| 040 | _aBMS College of Architecture | ||
| 100 | _aB, G, Rachitha | ||
| 245 | _aZeer- ne shore Nature cure center | ||
| 300 | _a52p. | ||
| 500 | _a1BM09AT041 | ||
| 502 |
_8B,Arch _NBMS College of Architecture, Visvesvaraya Technological University _aProject report _d2013 |
||
| 650 | _aNature | ||
| 700 |
_aAjaychandran C K _eGuide |
||
| 700 |
_aBhagyalaxmi M _eGuide |
||
| 942 |
_2ddc _cTHE |
||